000 01577nam0a2200349 4500
001 RU\NLR\bibl\1167197
005 20250615084259.0
010 _a978-5-9524-3067-9
_95000
035 _a(NLR Aleph) 001153906
090 _a1494984
_c1494984
100 _a20071213d2007 |||y0rusy50 ca
101 1 _arus
_ceng
102 _aRU
105 _aa |||||||||
200 1 _aМифы народов Африки
_dAfrican mytholigy
_fЭлис Вернер
_g[пер. с англ. Т.Е. Любовской]
_zeng
210 _aМосква
_cЦентрполиграф
_d2007
215 _a253,[2] с., [16] л. ил.
_d21
300 _aАвт. также на англ. яз.: Alice Werner
300 _aНа 4-й с. обл. авт.: Э. Вернер проф. Кембидж. и Оксфорд. ун-та
327 1 _aВ кн. также: Мифы, собранные кап. Дж.Э. Филиппсом в протекторате Уганда
464 0 _12001#$aМифы, собранные кап. Дж.Э. Филиппсом в протекторате Уганда
_tМифы, собранные кап. Дж.Э. Филиппсом в протекторате Уганда
510 0 _6z22790
_aAfrican mytholigy
_zeng
606 1 _aМифы народов Африки
_91610859
_3RU\NLR\auth\66709860
686 _aШ3(6)-60
686 _aТ3(6)0-725
700 1 _aВернер
_bЭ.
_gЭлис
_4070
790 1 _6z22510
_aWerner
_bA.
_gAlice
_4070
801 0 _aRU
_bNLR
_c20071213
_gRCR
801 1 _aRU
_bNLR
_c20071213
942 _cBOOK
980 _aNB